| 000 | 01417cam a2200385 a 4500 | ||
|---|---|---|---|
| 001 | 15815906 | ||
| 003 | NUST-PNEC | ||
| 005 | 20170116180718.0 | ||
| 008 | 090714s2009 enka d 000 0 eng | ||
| 010 | _a 2009284304 | ||
| 015 |
_aGBA905909 _2bnb |
||
| 016 | 7 |
_a014883281 _2Uk |
|
| 020 | _a9780199235940 | ||
| 020 | _a0199235945 (pbk.) | ||
| 035 | _a(OCoLC)ocn299242316 | ||
| 040 |
_aUKM _cPNEC |
||
| 042 | _alccopycat | ||
| 050 | 0 | 0 |
_aQA5 _b.C53 2009 |
| 082 | 0 | 4 |
_a510.03 CLA _222 |
| 100 | 1 | _aClapham, Christopher. | |
| 245 | 1 | 4 | _aThe concise Oxford dictionary of mathematics. |
| 246 | 3 | 0 | _aDictionary of mathematics |
| 246 | 3 | 0 | _aConcise dictionary of mathematics |
| 250 |
_a4th ed. / _bChristopher Clapham, James Nicholson. |
||
| 260 |
_aOxford ; _aNew York : _bOxford University Press, _c2009. |
||
| 300 |
_a510 p. : _bill. ; _c20 cm. |
||
| 440 | 0 | _aOxford paperback reference | |
| 500 | _ahttp://www.amazon.com/Concise-Dictionary-Mathematics-Paperback-Reference/dp/0199235945/ref=sr_1_1?s=books&ie=UTF8&qid=1414046033&sr=1-1&keywords=9780199235940 | ||
| 500 | _aPrevious ed.: 2005. | ||
| 650 | 0 |
_aMathematics _vDictionaries. _xGeneral |
|
| 700 | 1 |
_aNicholson, James _q(James R.) |
|
| 906 |
_a7 _bcbc _ccopycat _d2 _encip _f20 _gy-gencatlg |
||
| 942 |
_2ddc _cBK |
||
| 999 |
_c61271 _d61271 |
||